000
00294nam a2200121Ia 4500
008
190216s9999||||xx |||||||||||||| ||und||
100
_a
Purushotham Koushik
245
0
_a
Indigenious Medicinal Palnts
260
_b
Tody And Tomorrow Pub
_c
1988
300
_a
243p
650
_a
Botany
942
_c
BK
999
_c
1417
_d
1417